000 00965nam a22003017a 4500
001 BR9503133
003 BR-BrBNA
005 20230928094519.0
007 ta
008 230509b bl.||||| |||| 00| 0 por d
040 _aBR-BrBNA
_bpor
_cBiblioteca Nacional de Agricultura
041 _a(Por)
072 _aF61; H50
_b1000
090 _ 1000 BR9503133
100 1 _aPaiva, L.V.
110 1 _aEscola Superior de Agricultura de Lavras, MG (Brasil)
_0Tese (Mestre em Fitotecnia)
245 1 _aAlteracoes proteicas e nutricionais em tecidos de plantas afetadas pelo declinio dos citros
260 3 _aLavras, MG (Brasil):
_c1993.
300 _a76 p.
500 _a6 illus.; 8 tables; Bibliography p. 59-72 (75 ref.); Summaries (Eng, Por)
650 _aFruta Citrica
650 _aNutricao Vegetal
650 _aMetabolismo Proteico
650 _aTecido Vegetal
650 _aDeclinio dos Citrus
909 _a202309
_bLucia
_c55
_dLucia Elande
942 _cBK
999 _c51102
_d51102